Statistiques concernant Culture Générale - Série 780

Cliquez ici pour prendre le quiz!

Statistiques générales

  • Ce quiz a été pris 110 fois
  • Le résultat moyen est 7 sur 10

Statistiques - réponses

QuestionRéponse% Correct
Lors de quel carnaval italien porte-t-on un masque en déambulant de la place Saint-Marc au pont des Soupirs ?carnaval de Venise
97%
Quel élément d'un ordinateur peut être : QWERTY ou AZERTY ?clavier
96%
Suite à la démission du général de Gaulle, qui est élu à la présidence de la République française en 1969 ?Georges Pompidou
89%
Quel sport olympique peut être pratiqué par une équipe de huit rameurs, assistés d'un barreur ?aviron
87%
Quel mot, à consonance latine, désigne la majoration de votre prime d'assurance auto en cas d'accident engageant votre responsabilité ?malus
86%
Quel mammifère est appelé “caribou” au Canada ?renne
86%
Quel contraceptif oral fut mis au point en 1956 par le médecin américain Gregory Pincus ?pilule
82%
D'après la chanson populaire, dans les prisons de quelle ville y avait-il un prisonnier que personne ne venait voir sauf la fille du geôlier ?Nantes
75%
Quelle "drôle de dame" a été mariée à Lee Majors ?Farrah Fawcett
26%
En 1983, à quelle chanteuse américaine doit-on le tube : "She Works Hard for the Money" ?Donna Summer
16%

Distribution des résultats

Percentile par nombre de réponses

% des personnes avec chaque résultat

Votre développement - résultats

Vous n’avez pas pris ce quiz